000 01238nam0a22002891 4500
001 v19\rc\1846146
005 20251118180057.3
035 _a(NLR Aleph) 004942641
090 _a5797605
_c5797605
100 _a20080221e19091908|||y0rusy50 ca
101 0 _arus
102 _aRU
105 _ay z |||||
200 1 _aЕстественное и искусственное вскармливание грудных детей
_f[Д-р мед. М.Л. Абельман, орд. Елисавет. клин. больницы для малолет. детей в С.-Петербурге]
210 _aСанкт-Петербург
_cтип. 1-й С.-Петерб. труд. артели
_d1909
215 _a[2], 65 с.
_d25
311 _aОтт. из журн. "Соврем. клиника и терапия". 1908. № 7-10
320 _aБиблиогр. в примеч.
488 0 _12001#$aСовременная клиника и терапия$v1908, № 7-10
700 1 _aАбельман
_bМ. Л.
_f1863-
_gМорис Львович
801 0 _aRU
_bNLR
_gpsbo
801 0 _aRU
_bRuMoRGB
_2psbo
801 1 _aRU
_bProSoft-M
_2rusmarc
852 _aNLR
_jМд36/Б-8/1
899 _aRuMoRGB
_jW 217/1808
942 _cBOOK
980 _aNB